000 00273 a2200097 4500
020 _a9789393003072
100 _aJessy Narayanan
245 _aMaanthrika aithihyamaala(മാന്ത്രിക ഐതിഹ്യമാല)
260 _bManorama books
_c2022
942 _cOO
999 _c116152
_d116151